| 000 | 01017nam a22002657a 4500 | ||
|---|---|---|---|
| 999 |
_c20555 _d20555 |
||
| 005 | 20191106051527.0 | ||
| 008 | 191106b xxu||||| |||| 00| 0 spa d | ||
| 020 | _a9789588426563 | ||
| 040 |
_aCO-BoIAVH _cCO-BoIAVH |
||
| 041 | _aspa | ||
| 044 | _ack | ||
| 082 |
_a333.9507 _bP92b |
||
| 100 |
_aPérez Torres, Jairo _eAutor |
||
| 245 | _aBiodiversidad Asociada a los Sectores Manso y Tigre del Parque Nacional Natural Paramillo. | ||
| 260 |
_aBogotá: _bParques Nacionales de Colombia, _bMinisterio de Ambiente y Desarrollo Sostenible, _c2016. |
||
| 300 |
_a248 Páginas: _bfotografías, tablas, gráficos y mapas, _c28 x 22 cm. |
||
| 500 | _aIncluye referencias bibliográficas. | ||
| 650 | 0 | _aGuías ambientales | |
| 650 | 0 |
_alista de especies _vflores |
|
| 650 | 0 | _aEcosistemas | |
| 651 | 0 |
_aParque Nacional Natural Paramillo _zColombia |
|
| 700 |
_aVidal Pastrana, Carlos _eautor |
||
| 700 |
_aRacero Casarrubia, Javier _eautor |
||
| 942 |
_2ddc _cLIBRO |
||